000 00498 a2200169 4500
003 OSt
005 20240212092520.0
008 240212b |||||||| |||| 00| 0 eng d
040 _coclc
082 _a953
_bASG/O
100 _aKavanur, Ali Asghar Baqawi
_910445
245 _aOman charithrathiloode /
_cAli Asghar Baqawi Kavanur
250 _a1st ed.
260 _aKavanur:
_bMalabar Publishing House,
_c2000.
300 _a56p.
942 _2ddc
_cBK
_h953
_iASG/O
_k953
_mASG/O
999 _c44431
_d44431